000 01146nam a2200265 a 4500
001 000026240
005 20250217091458.0
008 110307s1978 dr a 000 0 spa d
040 _aDO-SdBNP
_bspa
_cBNPHU
082 _a277.293
_bP762h
100 _aPolanco Brito, Hugo E.
_97924
245 1 0 _aHistoria de la parroquia de Santa Ana /
_cHugo Eduardo Polanco Brito ; prólogo Nicolás de Jesús López R.
260 _aSan Francisco de Macorís :
_bTele-3,
_c[1978].
300 _a226 p. :
_bil. ;
_c21 cm.
490 1 _aDocumentos eclesiásticos de Santo Domingo
_v2
500 _aIncluye índice alfabetico
504 _aIncluye referencias bibliográficas y notas al pie de las páginas
590 _aInventariado, 2018/ YL
500 _aCreación de la ayuda de parroquia de Santa Ana de San Francisco de Macoris 1813.
650 4 _aParroquias
_zRepública Dominicana
_xHistoria
_953264
651 4 _aRepública Dominicana
_xHistoria Eclesiástica
_91736
700 1 2 _a López Rodríguez, Nicolás de Jesús,
_d1936-
_9670
830 0 _aDocumentos eclesiásticos de Santo Domingo:
_p2
_953265
910 _aValidado. Control de calidad MFF
999 _c25732
_d25732